000
00271nam a22000977a 4500
008
211004b ||||| |||| 00| 0 eng d
100
_a
Klug, Janet
245
_a
Guide to Stamp Collecting
260
_b
Collins : Smithsonian
_c
2008
650
_a
Collecting -- Guides and Handbooks
999
_c
3171
_d
3171